000 00455nam a2200181Ia 4500
008 131103s9999 xx 000 0 und d
020 _a553282093
040 _aLoreto College
041 _aEnglish
082 _aF/LUD
_bLCBED/13630
100 _aLudlum, Robert
245 4 _aThe Gemini contenders
_cRobert Ludlum
260 _aLondon
_bBantam
_c1989
300 _a411p
_c 18cm
650 _aEnglish Fiction
850 _aLCBED/F/LUD
942 _cBK
999 _c32419
_d82898